Joueurs de foot par image #3 - Statistiques

Statistiques générales
  • Ce quiz a été pris 149 fois
  • Le résultat moyen est 12 sur 16
Statistiques - réponses
Par images Réponse % Correct
Agüero
98%
Matuidi
96%
Pirlo
96%
Digne
95%
Vidal
95%
Gündoğan
88%
Nani
88%
Quaresma
87%
Paredes
81%
Turan
63%
Koke
62%
Fábio Coentrão
58%
Rui Costa
52%
Thomasson
48%
Lineker
46%
Darmian
38%
Aucun quiz correspondant
Distribution des résultats
% des personnes avec chaque résultat
Percentile par nombre de réponses
Votre historique - résultats
Vous n’avez pas pris ce quiz